000
00347nam a2200145Ia 4500
008
260223s2023 xx 000 0 und d
020
_a
9788190938518
041
_a
eng
082
_a
001.4/SHR
100
_a
Shrama Shivani
245
_a
Intoducton TO Reasearch
260
_a
New Delhi
_b
PV, Pub
_c
2023
300
_a
224P
650
_a
Reasearch
999
_c
1216485
_d
1216485